000 00580cam a2200229 4500
008 090401t1999 xxu||||| |||| 00| 0 eng d
020 _a0632042575
035 _a(Sirsi) u98631
041 _aeng
100 _aJones, Neil F.
245 4 _aThe JCT Intermediate Form of Contract: a commentary
250 _a3rd
260 _aOxford
_bBlackwell Science
_c1999
300 _a444p. ; 25cm.
350 _a65.00
650 _aBUILT ENVIRONMENT
690 _aCONTRACTS
_96232
700 _aBergman, David
700 _aBaylis, Simon E.
942 _n0
948 _c12/09/1997
999 _c99191
_d99191